Insurance in an Islamic economy / (Record no. 356263)

000 -LEADER
fixed length control field 00626nam a22002177a 4500
001 - CONTROL NUMBER
control field 965874
003 - CONTROL NUMBER IDENTIFIER
control field NUST
005 - DATE AND TIME OF LATEST TRANSACTION
control field 20180312091629.0
008 - FIXED-LENGTH DATA ELEMENTS--GENERAL INFORMATION
fixed length control field 180312b ||||| |||| 00| 0 eng d
020 ## - INTERNATIONAL STANDARD BOOK NUMBER
International Standard Book Number 0860371441
040 ## - CATALOGING SOURCE
Transcribing agency NUST
082 ## - DEWEY DECIMAL CLASSIFICATION NUMBER
Classification number 368.00917671
Author Mark SID
100 ## - MAIN ENTRY--PERSONAL NAME
Personal name Siddiqi, Muhammad Nejatullah
9 (RLIN) 10130
245 ## - TITLE STATEMENT
Title Insurance in an Islamic economy /
Statement of responsibility, etc. by Muhammad Nejatuallah Siddiqi
260 ## - PUBLICATION, DISTRIBUTION, ETC.
Place of publication, distribution, etc. London:
Name of publisher, distributor, etc. The Islamic Foundation
Date of publication, distribution, etc. 1985
300 ## - PHYSICAL DESCRIPTION
Extent 74 p.
440 ## - SERIES STATEMENT/ADDED ENTRY--TITLE
Title Islamic economic series-10
9 (RLIN) 10131
650 ## - SUBJECT ADDED ENTRY--TOPICAL TERM
Topical term or geographic name entry element Insurance law (Islamic law)
9 (RLIN) 10132
650 ## - SUBJECT ADDED ENTRY--TOPICAL TERM
Topical term or geographic name entry element Insurance
9 (RLIN) 10133
942 ## - ADDED ENTRY ELEMENTS (KOHA)
Source of classification or shelving scheme
Koha item type Book
Holdings
Withdrawn status Lost status Source of classification or shelving scheme Damaged status Not for loan Permanent Location Current Location Shelving location Date acquired Full call number Barcode Date last seen Copy number Price effective from Koha item type
          Central Library (CL) Central Library (CL) Book Cart 03/12/2018 368.00917671 SID CL3337 03/12/2018 1 03/12/2018 Book
© 2023 Central Library, National University of Sciences and Technology. All Rights Reserved.